Ifjúság és prostitúció

Elmentve itt :
Bibliográfiai részletek
Szerző: TŐKÉS István
Adatforrás:Meister
Forrásdokumentuma:Korunk. -
10 sz., 1999, 38-42 p.
Nyelv:magyar
Kulcsszavak:szociológia
vallás
ifjúság
prostitúció
szexualitás
LEADER 00427nab a2200169 i 4500
001 bibPRO00003721
008 060524s1999 xx hun
040 |a Sz1 
041 |a hun 
100 1 |a TŐKÉS István 
245 1 0 |a Ifjúság és prostitúció  |c TŐKÉS István 
695 |a szociológia 
695 |a vallás 
695 |a ifjúság 
695 |a prostitúció 
695 |a szexualitás 
773 0 |t Korunk. -  |g 10 sz., 1999, 38-42 p.